Văn học Việt Nam dòng riêng giữa nguồn chung

Bewaard in:
Bibliografische gegevens
Hoofdauteur: Trần, Ngọc Vương
Formaat: Boek
Gepubliceerd in: Hà nội ĐH Quốc gia Hà Nội 1999
Onderwerpen:
Tags: Voeg label toe
Geen labels, Wees de eerste die dit record labelt!
Thư viện lưu trữ: Trung tâm Học liệu Lê Vũ Hùng, Trường Đại học Đồng Tháp
LEADER 00747pam a22002298a 4500
001 00038984
005 20171026081025.0
008 170517s1999 ||||||Viesd
041 0 # |a Vie 
082 1 4 |a 895.922 01  |b V115H 
100 1 # |a Trần, Ngọc Vương 
245 1 0 |a Văn học Việt Nam dòng riêng giữa nguồn chung  |c Trần Ngọc Vương 
260 # # |a Hà nội  |b ĐH Quốc gia Hà Nội  |c 1999 
300 # # |a 436tr. 
653 # # |a Việt Nam 
653 # # |a Văn học 
852 # # |b Kho mượn  |j KM.0022329 
852 # # |b Kho đọc  |j KD.0021332 
852 # # |j KD.0021332  |j KM.0022329 
910 |d 17/05/2017 
980 # # |a Trung tâm Học liệu Lê Vũ Hùng, Trường Đại học Đồng Tháp